Differential equations. (رقم التسجيلة. 39928)

تفاصيل مارك
000 -الفاتح
حقل البيانات ثابتة الطول 01803cam a22004577i 4500
001 - رقم الضبط
رقم الضبط 17855498
003 - محدد رقم الضبط
رقم الضبط OSt
005 - وقت وتاريخ اخر تعامل مع التسجيلة
رقم الضبط 20161205092807.0
008 - عناصر البيانات ثابتة الطول - معلومات عامة
حقل البيانات ثابتة الطول 130816s2014 nyua 001 0 eng d
010 ## - رقم ضبط مكتبة الكونجرس
رقم ضبط مكتبة الكونجرس 2013948154
015 ## - رقم الببليوجرافية الوطنية
رقم الببليوجرافية الوطنية GBB420881
المصدر bnb
016 7# - رقم ضبط الوكاله الوطنية للضبط الببليوجرافي
رقم ضبط التسجيلة 016635427
المصدر Uk
020 ## - الرقم الدولى المعيارى للكتب
الرقم الدولى المعيارى للكتاب 9780071824859 (pbk.)
020 ## - الرقم الدولى المعيارى للكتب
الرقم الدولى المعيارى للكتاب 0071824855 (pbk.)
035 ## - رقم ضبط النظام
رقم ضبط النظام (OCoLC)ocn871305331
040 ## - مصدر الفهرسة
وكالة الفهرسة الأصلية UKMGB
لغة الفهرسة eng
وكالة النسخ UKMGB
قواعد الوصف rda
وكالة التعديل UIN
-- ORX
-- NYP
-- YDXCP
-- TWT
-- IAD
-- OCLCO
-- OCLCF
-- DLC
042 ## - رمز التحقق
رمز التحقق lccopycat
050 00 - رقم طلب مكتبة الكونجرس
رقم التصنيف QA371.32
رقم المادة .B76 2014
082 04 - رقم تصنيف ديوى العشرى
رقم التصنيف 515.35
رقم الطبعة 23
رقم المادة BRD
100 1# - المدخل الرئيسى - إسم شخصى
الإسم الشخصى Bronson, Richard,
الدور author.
9 (RLIN) 36614
245 10 - بيان العنوان
العنوان Differential equations.
250 ## - بيان الطبعة
بيان الطبعة 4th ed. /
بقية بيان الطبعة Richard Bronson, Gabriel B. Costa.
300 ## - الوصف المادى
التعداد xiv, 385 pages :
تفاصيل ماديه اخرى للوعاء illustrations ;
أبعاد الوعاء 28 cm.
490 1# - بيان السلسلة
عنوان السلسلة Schaum's outlines
500 ## - تبصرة عامة
تبصرة عامة Previous edition published under title: Schaum's outlines of differential equations. 2006.
500 ## - تبصرة عامة
تبصرة عامة Includes index.
650 #0 - المدخل الاضافى بالموضوع-مصطلح موضوعى
مصطلح موضوعي أو اسم جغرافي كعنصر مدخل Differential equations
التقسيم الفرعي الشكلي Outlines, syllabi, etc.
9 (RLIN) 36615
650 #0 - المدخل الاضافى بالموضوع-مصطلح موضوعى
مصطلح موضوعي أو اسم جغرافي كعنصر مدخل Differential equations
التقسيم الفرعي الشكلي Problems, exercises, etc.
9 (RLIN) 18139
650 #7 - المدخل الاضافى بالموضوع-مصطلح موضوعى
مصطلح موضوعي أو اسم جغرافي كعنصر مدخل Differential equations.
مصدر الرأس أو المصطلح fast
9 (RLIN) 57058
655 #7 - مصطلح تكشيفى-نوع/شكل
بيانات النوع/ الشكل أو المصطلح الأساسي Outlines, syllabi, etc.
مصدر المصطلح fast
9 (RLIN) 48514
655 #7 - مصطلح تكشيفى-نوع/شكل
بيانات النوع/ الشكل أو المصطلح الأساسي Problems, exercises, etc.
مصدر المصطلح fast
9 (RLIN) 57059
700 1# - المدخل الاضافى - اسم شخصى
الإسم الشخصى Costa, Gabriel B.,
الدور author.
9 (RLIN) 36616
700 1# - المدخل الاضافى - اسم شخصى
الإسم الشخصى Bronson, Richard.
عنوان العمل Schaum's outlines of differential equations.
9 (RLIN) 57060
740 0# - المدخل الاضافى - عنوان مرتبط/تحليلى غير مقيد
العنوان التحليلي/ الرابط غير مقيد Schaum's outline of theory and problems of differential equations.
740 0# - المدخل الاضافى - عنوان مرتبط/تحليلى غير مقيد
العنوان التحليلي/ الرابط غير مقيد Schaum's outline of modern introductory differential equations.
830 #0 - المدخل الاضافى بالسلسلة -عنوان موحد
عنوان موحد Schaum's outline series.
9 (RLIN) 57061
906 ## - عنصر بيانات محلى F, LDF (RLIN)
a 7
b cbc
c copycat
d 2
e ncip
f 20
g y-gencatlg
942 ## - عناصر المدخل الإضافي( كوها)
مصدر التصنيف او مخطط الترفيف Dewey Decimal Classification
Koha [default] item type كتاب
المقتنيات
حالة الفقد نموذج السعر الفعال حالة تلف ليس للاعارة رقم الطلب تاريخ الاكتساب الموقع الحالي الباركود الفرع الرئيسي Date last seen نوع المادة فى نظام كوها مصدر التصنيف او خطة الترفيف Total Checkouts
  2017-02-06     515.35 BRD 2017-02-06 المكتبة المركزية بالمجمعة (CL) 00655846 المكتبة المركزية بالمجمعة (CL) 2017-02-06 كتاب Dewey Decimal Classification  
  2017-02-06     515.35 BRD 2017-02-06 المكتبة المركزية بالمجمعة (CL) 00655847 المكتبة المركزية بالمجمعة (CL) 2017-02-06 كتاب Dewey Decimal Classification  
  2017-02-06     515.35 BRD 2017-02-06 المكتبة المركزية بالمجمعة (CL) 00655848 المكتبة المركزية بالمجمعة (CL) 2017-02-06 كتاب Dewey Decimal Classification